000 00442nam a22001697a 4500
005 20250225154752.0
010 _aENG-143899
020 _c150.00
_a9798184156416
035 _aEN-127431
037 _bDBAD/PUB
082 _a158.1
245 _aMind Your Brain Master Your Life /
_cBy
_hEnglish
250 _a1
260 _bTejgyan Global Foundation
_c2017
300 _a110pg.
_c22cm(hbk)
942 _2ddc
_cEN
_h158.1
999 _c209764
_d209764